Score 0/15 Timer 04:00
5 Plays Today
Question Answer Wrong Answers
The Life of Pi The Life of Pi
98%
The Last of the Mohicans
0.6%
To the Lighthouse
1.3%
Charlotte's Web Charlotte's Web
94.9%
Bridge to Terabithia
0.9%
Matilda
1.7%
Dracula Dracula
94.6%
Frankenstein
3.1%
It
0.4%
The Lion, the Witch and the Wardrobe The Lion, the Witch and the Wardrobe
93.8%
Harry Potter and the Sorcerer's Stone
1.4%
The Secret Life of Bees
2.1%
To Kill a Mockingbird To Kill a Mockingbird
93.3%
Catch-22
2.3%
The Old Man and the Sea
2.2%
The Secret Life of Walter Mitty The Secret Life of Walter Mitty
92.8%
Slaughterhouse-Five
2.6%
For Whom the Bell Tolls
4%
Breakfast at Tiffany's Breakfast at Tiffany's
92.6%
Casino Royale
3.4%
To the Lighthouse
1.2%
The Fault in Our Stars The Fault in Our Stars
92.6%
East of Eden
4.2%
Sense & Sensibility
2.1%
The Princess Bride The Princess Bride
92%
Pride and Prejudice
3%
Sister Carrie
3.3%
The Color Purple The Color Purple
90.7%
Gone with the Wind
5%
The Bell Jar
1.8%
A Clockwork Orange A Clockwork Orange
90.7%
Divergent
1%
1984
6%
Carrie Carrie
89%
Wuthering Heights
2.9%
Sister Carrie
5.6%
The Perks of Being a Wallflower The Perks of Being a Wallflower
87%
Eleanor and Park
7.3%
The Secret Life of Bees
4.8%
Of Mice and Men Of Mice and Men
76.7%
Catch-22
3.2%
The Grapes of Wrath
18.7%
Divergent Divergent
74.6%
2001: A Space Odyssey
20.3%
1984
3.3%
Remove Ads.
Support Sporcle.
Get the best of Sporcle when you Go Orange. This ad-free experience offers more features, more stats, and more fun while also helping to support Sporcle. Thank you for becoming a member.

You're not logged in!

Compare scores with friends on all Sporcle quizzes.
OR
Log In

Show Comments

Extras

Top Quizzes Today


Score Distribution

Your Account Isn't Verified!

In order to create a playlist on Sporcle, you need to verify the email address you used during registration. Go to your Sporcle Settings to finish the process.

Report this User

Report this user for behavior that violates our Community Guidelines.

Details: